000 00891nam a2200229Ia 4500
003 GCL
008 140319s9999 xx 000 0 ara d
040 _aGCL /
_cGCL
082 0 4 _a341.77
_bك ح
100 1 _aكمال الجزولى
245 1 0 _aالحقيقة فى دارفور :
_bعرض موجز لتقرير لجنة التحقبق الدولية /
_cكمال الجزولى
250 _aالاولى
260 _aالقاهرة :
_bمركز القاهرة لدراسات حقوق الانسان ،
_c2006
300 _a230 ص ؛
_c24 سم
490 _aقضايا حركية
_v22
650 0 4 _aالقانون الجنائى الدولى
650 0 4 _aحقوق الانسان - قانون دولى
650 0 4 _aدارفور - تاريخ
650 0 4 _aدارفور - الحرب الاهلية
650 0 4 _aدارفور - الاحوال السياسية
942 _2ddc
_cBK
999 _c8948
_d8948